Translate Latin phrases - Statistics

General Stats
  • This quiz has been taken 169 times
  • The average score is 5 of 15
Answer Stats
Answer % Correct
Veni vidi vici I came, I saw, I conquered
83%
Carpe diem Seize the day
79%
Cogito ergo sum I think therefore I am
61%
Aqua vitae Water of life
61%
Semper Fidelis Always faithful
54%
In utero In the womb
40%
Quid pro quo This for that
40%
Id est That is
25%
Acta non verba Actions, not words
19%
Caveat venditor Buyer beware
17%
Sic semper tyrannis Thus always to tyrants
11%
Hannibal ad portas Hannibal is at the gates
9%
Habeas corpus You should have the body
5%
Dulce et decorum est pro patria mori It is sweet and honourable to die for one's country
1%
Barba non facit philosophum A beard doesn't make one a philosopher
0%
No matching quizzes found
Score Distribution
Percent of People with Each Score
Percentile by Number Answered
Your Score History
You have not taken this quiz